000 01282nam a22002897a 4500
005 20240530110500.0
008 150629s2013 jo g b 000 0 ara d
017 _a2012/8/3079
_bعمان . دائرة المكتبة الوطنية
020 _a9789957327019
040 _aEG-CaGPL
082 0 4 _221
_a355.0335569\
_bم م
100 0 _aمحمد حسين المومنى .
245 0 2 _aالمؤسسة العسكرية فى النظام السياسى الاسرائيلى /
_c تاليف محمد حسين المومنى ، سعد شاكر شبلى .
250 _aط1 .
260 _aعمان :
_bدار و مكتبة الحامد للنشر و التوزيع ،
_c2013 .
300 _a281 ص ؛
_c24 سم .
504 _aبيليوجرافيه : ص 265 - 281 .
650 0 4 _aالسلطة التشريعية
_zاسرائيل .
650 0 4 _aالسلطه التنفيذيه
_zاسرائيل .
651 0 4 _aاسرائيل
_xالسياسة العسكرية .
651 0 4 _aاسرائيل
_xالسياسة والحكومة .
651 0 4 _aاسرائيل
_xالجيش .
651 0 4 _aاسرائيل
_xالاحزاب السياسية .
700 0 _aسعد شاكر شبلى
_eمؤلف مشارك .
942 _2ddc
_cBK
999 _c61458
_d61458